000 00237nam a2200097Ia 4500
001 929285
005 20250826191652.0
008 250824s9999 xx 000 0 und d
245 0 _aYARALI/B4
_cKAHRAMAN TAZEOĞLU
260 _bDESTEK YAYINLARI
999 _c929285
_d929285